header

Spiritual information (Record no. 122826)

MARC details
000 -LEADER
fixed length control field 01980nam a2200337 a 4500
082 04 - DEWEY DECIMAL CLASSIFICATION NUMBER
Classification number 201/.65
245 00 - TITLE STATEMENT
Title Spiritual information
260 ## - PUBLICATION, DISTRIBUTION, ETC. (IMPRINT)
Place of publication West Conshohocken, Pa. :
Name of publisher Templeton Foundation Press,
Year of publication c2005.
300 ## - PHYSICAL DESCRIPTION
Number of Pages xvii, 602 p. :
Other physical details ill.
505 0# - FORMATTED CONTENTS NOTE
Formatted contents note pt. 1. Perspectives on Sir John Templeton's two domains : spiritual capital and spiritual information -- pt. 2. Perspectives on the history, and future, of the science-religion dialog -- pt. 3. Perspectives from cosmology, physics, and astronomy -- pt. 4. Perspectives from quantum mechanics, mathematics, and symbolic logic -- pt. 5. Perspectives on evolution and prpose -- pt. 6. Perspectives on sociology and ethics -- pt. 7. Perspectives on religion and health -- pt. 8. Perspectives on contemplation and the virtues -- pt. 9. Perspectives from theology and philosophy -- pt. 10. Perspectives from world religions.
650 #0 - SUBJECT ADDED ENTRY--TOPICAL TERM
Topical Term Religion and science.
700 1# - ADDED ENTRY--PERSONAL NAME
Personal name Templeton, John,
Personal name Harper, Charles L.,
856 40 - ELECTRONIC LOCATION AND ACCESS
Uniform Resource Identifier http://site.ebrary.com/lib/rucke/Doc?id=10483616

No items available.

© 2026 Rongo University
Contact us: librarian | system librarian | Rongo university